[Event "Opera Euro Rapid Prelim"]
[Site "chess24.com INT"]
[Date "2021.02.06"]
[Round "3.4"]
[White "Shankland, Sam"]
[Black "Ding, Liren"]
[Result "1-0"]
[WhiteTitle "GM"]
[BlackTitle "GM"]
[WhiteElo "2691"]
[BlackElo "2791"]
[WhiteFideId "2004887"]
[BlackFideId "8603677"]
[EventDate "2021.02.06"]

1. d4 Nf6 2. c4 e6 3. Nf3 b6 4. a3 Bb7 5. Bf4 c5 6. Nc3 cxd4 7. Qxd4 Nc6 8. Qd3
Nh5 9. Bg5 Be7 10. Bxe7 Qxe7 11. Nb5 O-O 12. Nd6 Nd8 13. Rd1 Bc6 14. e3 Nf6 15.
Be2 Nb7 16. O-O Nxd6 17. Qxd6 Qxd6 18. Rxd6 Bxf3 19. Bxf3 Rac8 20. b3 Rfd8 21.
Rfd1 Kf8 22. Bc6 Ke7 23. Bb5 Rc7 24. R6d3 g5 25. f3 h5 26. Kf2 h4 27. e4 e5 28.
b4 g4 29. a4 Rg8 30. Rd6 Rg6 31. Ke2 g3 32. h3 Rg8 33. Ke3 Ra8 34. a5 bxa5 35.
bxa5 a6 36. Bxa6 Rca7 37. Bb5 Rxa5 38. f4 Ra3+ 39. R6d3 d6 40. c5 exf4+ 41. Kxf4
Rxd3 42. Rxd3 dxc5 43. e5 Ne8 44. Rd7+ Kf8 45. Kg5 Ng7 46. Bc4 Ne6+ 47. Kf6 Nd8
48. Bxf7 Nxf7 49. Rxf7+ Ke8 50. Rh7 Ra2 51. Rh8+ Kd7 52. e6+ Kc6 53. e7 Rf2+ 54.
Kg5 1-0

[Event "Opera Euro Rapid Prelim"]
[Site "chess24.com INT"]
[Date "2021.02.06"]
[Round "3.5"]
[White "Dominguez Perez, Leinier"]
[Black "Radjabov, Teimour"]
[Result "1/2-1/2"]
[WhiteTitle "GM"]
[BlackTitle "GM"]
[WhiteElo "2758"]
[BlackElo "2765"]
[WhiteFideId "3503240"]
[BlackFideId "13400924"]
[EventDate "2021.02.06"]

1. e4 c5 2. Nf3 Nc6 3. d4 cxd4 4. Nxd4 e5 5. Nb5 d6 6. N1c3 a6 7. Na3 b5 8. Nd5
Nf6 9. Bg5 Be7 10. Bxf6 Bxf6 11. c3 Bg5 12. Nc2 Rb8 13. a4 bxa4 14. Ncb4 Nxb4
15. cxb4 O-O 16. Rxa4 a5 17. h4 Bh6 18. b5 Kh8 19. Be2 Be6 20. b4 axb4 21. Nxb4
Bd7 22. Qd5 Rc8 23. Nc6 Qb6 24. Ra6 Bxc6 25. bxc6 Qb4+ 26. Kf1 f5 27. exf5 Qb1+
28. Bd1 Rxf5 29. Rh3 e4 30. Qb3 Rb5 31. Qc2 Rb2 32. Qxb1 Rxb1 33. Ke2 Rc1 34.
Rha3 g6 35. Bb3 R1xc6 36. Rxc6 Rxc6 37. Ra8+ Kg7 38. g4 Bf4 39. g5 h6 40. Ra7+
Kh8 41. Ra8+ Kg7 42. Ra7+ Kh8 43. h5 d5 44. Bxd5 Rc2+ 45. Kf1 hxg5 46. hxg6 Rc7
47. Ra8+ Kg7 48. Bxe4 g4 49. Ke2 Re7 50. Kd3 g3 51. fxg3 Bxg3 52. Ra6 Bf4 53.
Ra4 Bg5 54. Ra6 Bf4 55. Rc6 Bg5 56. Bf5 Re3+ 57. Kd4 Re7 58. Bc2 Be3+ 59. Kd5
Bf4 60. Ra6 Re5+ 61. Kd4 Re7 62. Ra5 Be3+ 63. Kd5 Bf4 64. Ra4 Re5+ 65. Kd4 Re7
66. Ra8 Be3+ 67. Kd5 Bf4 68. Ra1 Re5+ 69. Kd4 Re7 70. Rh1 Bg3 71. Rh3 Bb8 72.
Kd5 Bf4 73. Rh5 Bc7 74. Rh7+ Kf6 75. Rh1 Kg7 76. Rh7+ Kf6 77. Rh8 Kg7 78. Rc8
Bf4 79. Ra8 Bg3 80. Ra3 Bf4 81. Rf3 Bb8 82. Rf7+ Rxf7 83. gxf7 Kxf7 84. Bg6+ Kg7 1/2-1/2

[Event "Opera Euro Rapid Prelim"]
[Site "chess24.com INT"]
[Date "2021.02.06"]
[Round "3.6"]
[White "Duda, Jan-Krzysztof"]
[Black "Vidit, Santosh Gujrathi"]
[Result "1/2-1/2"]
[WhiteTitle "GM"]
[BlackTitle "GM"]
[WhiteElo "2743"]
[BlackElo "2726"]
[WhiteFideId "1170546"]
[BlackFideId "5029465"]
[EventDate "2021.02.06"]

1. d4 Nf6 2. c4 e6 3. Nf3 d5 4. Nc3 c5 5. e3 Nc6 6. cxd5 exd5 7. Bb5 cxd4 8.
Nxd4 Bd7 9. O-O Bd6 10. Nf3 Bg4 11. h3 Bh5 12. Be2 O-O 13. b3 a6 14. Bb2 Re8 15.
Nh4 Bg6 16. Nxg6 hxg6 17. Bf3 Be5 18. Na4 Bxb2 19. Nxb2 Ne4 20. Rc1 Qf6 21. Na4
Rad8 22. Nc5 Re7 23. Rc2 Kh7 24. Bxe4 dxe4 25. Qg4 Rde8 26. Rd1 Nb4 27. Rc4 Nxa2
28. Rdd4 Qf5 29. Nxe4 Qxg4 30. hxg4 a5 31. Nd6 Rd8 32. f4 f6 33. Kf2 Nb4 34. g5
Nc6 35. gxf6 gxf6 36. Nxb7 Rxd4 37. exd4 Rxb7 38. Rxc6 Rxb3 39. Rxf6 a4 40. Rf7+
Kg8 41. Ra7 a3 42. Ke2 Rg3 43. d5 Kf8 44. Kf2 Rd3 45. d6 Rxd6 46. Rxa3 Kf7 47.
Kf3 Kf6 48. Ra5 Rb6 49. Kg4 Rc6 50. Rd5 Rb6 51. Rc5 Ra6 52. Rd5 Rb6 53. Kh4 Ra6
54. g4 Rb6 55. Kg3 Rb3+ 56. Kf2 Ra3 57. Rd6+ Kf7 58. Rb6 Rc3 59. Ra6 Rb3 60. Ra5
Rc3 61. Re5 Ra3 62. Re3 Ra4 63. Kf3 Rb4 64. Ra3 Ke6 65. Ra6+ Kf7 66. Ra7+ Kf8
67. Rd7 Ra4 68. Ke3 Rb4 69. Rd4 Rb6 70. Ke4 Ke7 71. Rd5 Ke6 72. Rd4 Ra6 73. Rb4
Rc6 74. Rb5 Rc4+ 75. Kf3 Rc3+ 76. Kf2 Kf6 77. Re5 Ra3 78. Re3 Ra4 79. Kg3 Rb4
80. Ra3 Rc4 81. Ra5 Kf7 82. Ra7+ Kf8 83. Rd7 Ra4 84. Rd8+ Kf7 85. Rb8 Rc4 86.
Rd8 Ra4 87. Rd5 Ke6 88. Re5+ Kf7 89. Re3 Kf6 90. Rc3 Kf7 91. Rb3 Rc4 92. Rb7+
Kf8 93. Rd7 Ra4 94. Kf3 Rb4 95. Rd5 Ke7 96. Ke3 Ke6 97. Rd4 Rb3+ 98. Ke4 Rb6 99.
Ra4 Rb7 100. Rc4 Ra7 101. Rc6+ Kf7 102. Kd5 Rd7+ 103. Kc5 Kg7 104. g5 Rf7 105.
Kd6 Rxf4 106. Rc7+ Kg8 107. Rc5 Kf7 108. Rc7+ Kg8 109. Rc8+ Kf7 110. Rc7+ Kg8 1/2-1/2

[Event "Opera Euro Rapid Prelim"]
[Site "chess24.com INT"]
[Date "2021.02.06"]
[Round "3.7"]
[White "Grischuk, Alexander"]
[Black "Nakamura, Hikaru"]
[Result "1/2-1/2"]
[WhiteTitle "GM"]
[BlackTitle "GM"]
[WhiteElo "2777"]
[BlackElo "2736"]
[WhiteFideId "4126025"]
[BlackFideId "2016192"]
[EventDate "2021.02.06"]

1. e4 e5 2. Nf3 Nc6 3. Bb5 a6 4. Ba4 g6 5. d4 b5 6. Bb3 exd4 7. a4 b4 8. Nxd4
Na5 9. Bd5 c6 10. Ba2 Bg7 11. c3 c5 12. cxb4 cxb4 13. O-O Ne7 14. Nd2 O-O 15.
N2f3 d6 16. h3 Bb7 17. Re1 Nec6 18. Bg5 Qd7 19. Qd2 Rab8 20. Bh6 Nxd4 21. Nxd4
Bxh6 22. Qxh6 b3 23. Nxb3 Nxb3 24. Bxb3 Bc6 25. Re3 Rb4 26. Rae1 Bxa4 27. Bd5
Bc6 28. b3 Bxd5 29. exd5 Rd4 30. Re7 Qb5 31. R7e4 Rxd5 32. Rh4 Rh5 33. Rxh5 Qxh5
34. Qxh5 gxh5 35. Ra1 Rb8 36. Rd1 Rb6 37. Rd5 h4 38. Rd4 Rxb3 39. Rxd6 a5 40.
Ra6 Rb1+ 41. Kh2 Ra1 42. g3 hxg3+ 43. Kxg3 a4 44. h4 a3 45. Kf4 Kg7 46. h5 f6
47. Kf5 a2 48. f4 Rh1 49. Ra7+ Kf8 50. Rxa2 Rxh5+ 51. Kxf6 Rh6+ 52. Ke5 Rb6 1/2-1/2

[Event "Opera Euro Rapid Prelim"]
[Site "chess24.com INT"]
[Date "2021.02.06"]
[Round "3.8"]
[White "Giri, Anish"]
[Black "Nepomniachtchi, Ian"]
[Result "1-0"]
[WhiteTitle "GM"]
[BlackTitle "GM"]
[WhiteElo "2764"]
[BlackElo "2789"]
[WhiteFideId "24116068"]
[BlackFideId "4168119"]
[EventDate "2021.02.06"]

1. e4 c5 2. Nf3 d6 3. d4 cxd4 4. Nxd4 Nf6 5. Nc3 a6 6. a4 e5 7. Nf3 h6 8. g3 Be7
9. Bg2 Nc6 10. O-O O-O 11. Re1 Rb8 12. b3 b5 13. axb5 axb5 14. Nd5 Bg4 15. Bb2
Nxd5 16. exd5 Nd4 17. Bxd4 exd4 18. Qd3 Bxf3 19. Bxf3 Re8 20. Ra6 Bf8 21. Rf1
Qf6 22. h4 g6 23. h5 Re5 24. hxg6 fxg6 25. Be4 h5 26. Qxd4 Qf7 27. Bxg6 Qxd5 28.
Qxd5+ Rxd5 29. Ra7 Rg5 30. Bh7+ Kh8 31. Bd3 Bg7 32. Kg2 Kg8 33. f4 Rc5 34. Re1
h4 35. g4 Rf8 36. Ree7 Bd4 37. Rad7 1-0

[Event "Opera Euro Rapid Prelim"]
[Site "chess24.com INT"]
[Date "2021.02.06"]
[Round "4.1"]
[White "Dubov, Daniil"]
[Black "Nepomniachtchi, Ian"]
[Result "1/2-1/2"]
[WhiteTitle "GM"]
[BlackTitle "GM"]
[WhiteElo "2710"]
[BlackElo "2789"]
[WhiteFideId "24126055"]
[BlackFideId "4168119"]
[EventDate "2021.02.06"]

1. e4 c5 2. Nf3 d6 3. d4 cxd4 4. Nxd4 Nf6 5. Nc3 a6 6. f4 e5 7. Nb3 Be7 8. fxe5
dxe5 9. Qxd8+ Bxd8 10. Bg5 Nbd7 11. a4 h6 12. Bh4 Nxe4 13. Bxd8 Nxc3 14. Bc7 Nd5
15. Bd6 Ne3 16. Bd3 Nxg2+ 17. Kd2 Nf4 18. Rag1 g6 19. a5 Nxd3 20. cxd3 b6 21.
Rc1 Bb7 22. Rhe1 bxa5 23. Rc7 Bg2 24. Nc5 Nxc5 25. Bxc5 f6 26. Rc1 Bh3 27. Re7+
Kd8 28. Rg7 Rc8 29. d4 exd4 30. Bb6+ Ke8 31. Re1+ Kf8 32. Ree7 Be6 33. Ra7 g5
34. Bxd4 Rg8 35. Rge7 Bb3 36. Reb7 Be6 37. Rxa6 Bf7 38. Rxf6 Rg7 39. Rxh6 Rg6
40. Rh7 Bd5 41. Rbd7 Be6 42. Bg7+ Ke8 43. Ra7 Rd8+ 44. Ke3 Rd7 45. Ra8+ Ke7 46.
Rxa5 Bf7 47. Be5 Re6 48. Rg7 Rb7 49. Kf2 Rc6 50. Bc3 Rh6 51. Kg3 Rd7 52. Re5+
Kf8 53. Rgxg5 Rd3+ 54. Kf4 Be6 55. Re2 Rh4+ 56. Ke5 Rd5+ 57. Kxe6 Rxg5 58. Bf6
Rg6 59. Rd2 Re4+ 60. Kf5 Reg4 61. Ke6 Re4+ 62. Kf5 Reg4 63. h4 Rg2 64. Rd8+ Kf7
65. Rd7+ Ke8 66. Rd8+ Kf7 67. Rd7+ Ke8 68. Rb7 Rh6 69. Bg5 Rf2+ 70. Kg4 Re6 71.
Kh5 Rf7 72. Rb8+ Kd7 73. Rd8+ Kc6 74. Rd4 Kc5 75. Ra4 Rb7 76. Ra2 Kc4 77. Kg4
Kb3 78. Ra3+ Kxb2 79. Re3 Rb4+ 80. Kh5 Rxe3 81. Bxe3 Kc2 1/2-1/2

[Event "Opera Euro Rapid Prelim"]
[Site "chess24.com INT"]
[Date "2021.02.06"]
[Round "4.2"]
[White "Nakamura, Hikaru"]
[Black "Giri, Anish"]
[Result "1-0"]
[WhiteTitle "GM"]
[BlackTitle "GM"]
[WhiteElo "2736"]
[BlackElo "2764"]
[WhiteFideId "2016192"]
[BlackFideId "24116068"]
[EventDate "2021.02.06"]

1. e4 e5 2. Nf3 Nc6 3. Bb5 Nf6 4. O-O Nxe4 5. Re1 Nd6 6. Nxe5 Be7 7. Bf1 Nxe5 8.
Rxe5 O-O 9. Nc3 Ne8 10. Nd5 Bd6 11. Re1 c6 12. Ne3 Be7 13. c4 Nc7 14. d4 d5 15.
cxd5 Bb4 16. Bd2 Bxd2 17. Qxd2 Nxd5 18. Nxd5 Qxd5 19. Re5 Qd6 20. Bc4 Bd7 21.
Rae1 b5 22. Bb3 a5 23. a3 a4 24. Ba2 Rae8 25. Qc3 Rxe5 26. dxe5 Qe7 27. Rd1 Be6
28. Bxe6 Qxe6 29. Rd6 Qf5 30. Rxc6 Rd8 31. h3 h6 32. Qe1 Rd5 33. e6 fxe6 34.
Rxe6 Rd4 35. Re2 Kh7 36. Re7 Rc4 37. Re5 Qf4 38. Qb1+ Kg8 39. Re1 Rc8 40. Qd1
Kh8 41. g3 Qf5 42. Kg2 Rc2 43. Qd4 Kh7 44. Re7 Qg6 45. h4 Qc6+ 46. Kh2 Qg6 47.
Re5 Qf6 48. Qd3+ Qg6 49. Qd4 Qf6 50. Kg1 Rc1+ 51. Kg2 Qc6+ 52. Qd5 Qxd5+ 53.
Rxd5 b4 54. axb4 Rc4 55. Rb5 Rd4 56. h5 Kg8 57. Rb7 Kh7 58. Rb8 Rd5 59. Ra8 Rxh5
60. Ra5 1-0

[Event "Opera Euro Rapid Prelim"]
[Site "chess24.com INT"]
[Date "2021.02.06"]
[Round "4.3"]
[White "Vidit, Santosh Gujrathi"]
[Black "Grischuk, Alexander"]
[Result "1/2-1/2"]
[WhiteTitle "GM"]
[BlackTitle "GM"]
[WhiteElo "2726"]
[BlackElo "2777"]
[WhiteFideId "5029465"]
[BlackFideId "4126025"]
[EventDate "2021.02.06"]

1. c4 Nf6 2. g3 e6 3. Bg2 d5 4. Nf3 Be7 5. d4 O-O 6. O-O dxc4 7. Qc2 a6 8. a4
Bd7 9. Qxc4 Bc6 10. Bg5 Nbd7 11. Nc3 h6 12. Bxf6 Nxf6 13. Rfd1 a5 14. e3 Bb4 15.
Ne5 Bxg2 16. Kxg2 Qe7 17. Nd3 Rfc8 18. Nxb4 Qxb4 19. b3 Qe7 20. e4 Rd8 21. Rac1
Rac8 22. f3 Rd7 23. Ne2 c6 24. Rd2 Qd8 25. Rcd1 Qb6 26. Qc3 Rcd8 27. h4 Qc7 28.
Qc5 b6 29. Qc3 c5 30. dxc5 Rxd2 31. Rxd2 Rxd2 32. Qxd2 Qxc5 33. Nf4 Qc7 34. Nd3
Nd7 35. h5 Kf8 36. g4 Ke7 37. g5 hxg5 38. Qxg5+ Kf8 39. h6 gxh6 40. Qxh6+ Ke7
41. Qg5+ Ke8 42. Qd2 Ke7 43. Qg5+ Ke8 44. Qd2 Ke7 45. Qg5+ 1/2-1/2

[Event "Opera Euro Rapid Prelim"]
[Site "chess24.com INT"]
[Date "2021.02.06"]
[Round "4.4"]
[White "Radjabov, Teimour"]
[Black "Duda, Jan-Krzysztof"]
[Result "1/2-1/2"]
[WhiteTitle "GM"]
[BlackTitle "GM"]
[WhiteElo "2765"]
[BlackElo "2743"]
[WhiteFideId "13400924"]
[BlackFideId "1170546"]
[EventDate "2021.02.06"]

1. Nf3 Nf6 2. c4 e6 3. Nc3 d5 4. d4 c5 5. cxd5 Nxd5 6. Bd2 Nc6 7. dxc5 Bxc5 8.
e3 Nxc3 9. Bxc3 Qxd1+ 10. Rxd1 Bb4 11. Bxb4 Nxb4 12. Bb5+ Ke7 13. a3 a6 14. Be2
Nc6 15. Ng5 h6 16. Ne4 Rd8 17. Rc1 Bd7 18. Nc5 Be8 19. f4 a5 20. Rc2 b6 21. Ne4
Rdc8 22. Kf2 Na7 23. Rd2 Rd8 24. Rhd1 Ba4 25. Rxd8 Rxd8 26. Rxd8 Kxd8 27. Nd6 f6
28. e4 Bb3 29. Ke3 Nc8 30. Nxc8 Kxc8 31. Kd4 Kd7 32. e5 f5 33. h4 Ke7 34. Bf3
Ba4 35. Kc4 Be8 36. b4 axb4 37. Kxb4 Bd7 38. g3 Be8 39. Be2 Bc6 40. Bb5 Bf3 41.
Ba4 Bh5 42. Bc6 Be2 43. Bb5 Bf3 44. Bc4 Bc6 45. Be2 Be8 46. Bd1 h5 47. Be2 Kd8
48. Bc4 Bd7 49. Bb3 Kc7 50. Bd1 Be8 51. Be2 Kd8 52. a4 Kc7 53. a5 bxa5+ 54. Kxa5
Kd8 55. Kb6 Ke7 56. Kc5 Bf7 57. Bb5 g6 58. Kb6 Bg8 59. Kc7 Bf7 60. Bc6 Bg8 61.
Bd7 Bf7 62. Bc6 Bg8 63. Bd7 Bf7 64. Bc6 1/2-1/2

[Event "Opera Euro Rapid Prelim"]
[Site "chess24.com INT"]
[Date "2021.02.06"]
[Round "4.5"]
[White "Ding, Liren"]
[Black "Dominguez Perez, Leinier"]
[Result "1-0"]
[WhiteTitle "GM"]
[BlackTitle "GM"]
[WhiteElo "2791"]
[BlackElo "2758"]
[WhiteFideId "8603677"]
[BlackFideId "3503240"]
[EventDate "2021.02.06"]

1. c4 c5 2. g3 g6 3. Bg2 Bg7 4. Nc3 Nc6 5. a3 b6 6. b4 Bb7 7. Bb2 d6 8. b5 Na5
9. Bxb7 Nxb7 10. Nf3 e6 11. Qc2 Nf6 12. h4 h5 13. Ne4 d5 14. Neg5 O-O 15. Ne5
Nd6 16. g4 d4 17. gxh5 Nxh5 18. Nxg6 fxg6 19. Qxg6 Nf6 20. Nxe6 Qe7 21. Nxf8
Rxf8 22. d3 Re8 23. O-O-O Qf7 24. Qxf7+ Kxf7 25. Rde1 Nf5 26. Kd1 Ng4 27. Ref1
Bh6 28. h5 Bf4 29. Rh3 Bh6 30. Rf3 Ke6 31. Rh1 Rg8 32. Bc1 Bxc1 33. Kxc1 Ngh6
34. Kd2 Rg4 35. a4 Nf7 36. Rfh3 N7h6 37. R3h2 Kd6 38. a5 Kc7 39. Ra1 Kb7 40. a6+
Kc7 41. Rf1 Kd6 42. Rhh1 Rg2 43. Ke1 Rg7 44. Rfg1 Re7 45. Rg6+ Re6 46. Rhg1 Ne7
47. Rxe6+ Kxe6 48. e3 Nhf5 49. e4 Nh4 50. Ke2 Kf6 51. Rg4 1-0

[Event "Opera Euro Rapid Prelim"]
[Site "chess24.com INT"]
[Date "2021.02.06"]
[Round "4.6"]
[White "Carlsen, Magnus"]
[Black "Shankland, Sam"]
[Result "1-0"]
[WhiteTitle "GM"]
[BlackTitle "GM"]
[WhiteElo "2862"]
[BlackElo "2691"]
[WhiteFideId "1503014"]
[BlackFideId "2004887"]
[EventDate "2021.02.06"]

1. c4 c6 2. Qa4 Nf6 3. Nf3 g6 4. d4 Bg7 5. Nc3 O-O 6. Bf4 d6 7. h3 Nbd7 8. Rd1
c5 9. e3 cxd4 10. exd4 e5 11. dxe5 dxe5 12. Be3 e4 13. Nd4 Qe7 14. Be2 Nc5 15.
Qc2 Bd7 16. O-O Rac8 17. Ndb5 Bxb5 18. Nxb5 a6 19. Nd6 Rc6 20. b4 Ncd7 21. c5 b6
22. Qa4 Nb8 23. Rd2 Nfd7 24. Nxe4 Re6 25. Bg5 f6 26. Bc4 Kh8 27. Bxe6 Qxe6 28.
Be3 Qxe4 29. Rxd7 b5 30. Qd1 Nxd7 31. Qxd7 f5 32. c6 Be5 33. c7 1-0

[Event "Opera Euro Rapid Prelim"]
[Site "chess24.com INT"]
[Date "2021.02.06"]
[Round "4.7"]
[White "Vachier-Lagrave, Maxime"]
[Black "Bluebaum, Matthias"]
[Result "1/2-1/2"]
[WhiteTitle "GM"]
[BlackTitle "GM"]
[WhiteElo "2784"]
[BlackElo "2670"]
[WhiteFideId "623539"]
[BlackFideId "24651516"]
[EventDate "2021.02.06"]

1. c4 e6 2. Nc3 d5 3. d4 Nf6 4. cxd5 exd5 5. Bg5 c6 6. e3 h6 7. Bh4 Be7 8. Bd3
O-O 9. Nge2 Re8 10. O-O a5 11. Rc1 Nh5 12. Bg3 Nxg3 13. hxg3 Nd7 14. Qc2 Nf6 15.
Nf4 Bd6 16. Rfe1 Bd7 17. e4 dxe4 18. Nxe4 Nxe4 19. Bxe4 Qf6 20. d5 c5 21. a4 b5
22. axb5 Bxb5 23. Bd3 Bd7 24. Ne2 h5 25. Nc3 h4 26. Ne4 Rxe4 27. Rxe4 hxg3 28.
fxg3 Bxg3 29. Qxc5 g6 30. Qe3 Bd6 31. Rc2 a4 32. g3 a3 33. bxa3 Rxa3 34. Rf2 Qd8
35. Rh4 Qf8 36. Kg2 Qg7 37. Re4 Qf8 38. Rh4 Qg7 39. Qg5 Qe5 40. Qxe5 Bxe5 41.
Rd2 Bd6 42. Rc4 Kg7 43. Rcc2 Be5 44. Ra2 Rb3 45. Ra7 Bc8 46. Ra8 Bg4 47. Re8 Bc7
48. Re4 Ba5 49. Ra2 Rxd3 50. Rxg4 Rxd5 51. Rc4 Bb6 52. Rc6 Rb5 53. Ra3 Bd4 54.
Rd3 Rb4 55. Rc7 Ra4 56. Rd7 Bf6 57. Rb3 Ra2+ 58. Kf3 Ra5 59. g4 Ra8 60. Rbb7 Rf8
61. Kf4 Kg8 62. g5 Bc3 63. Ke4 Ba1 64. Kd5 Bc3 65. Ke4 Ba1 66. Kd3 Be5 67. Ke4
Ba1 1/2-1/2

[Event "Opera Euro Rapid Prelim"]
[Site "chess24.com INT"]
[Date "2021.02.06"]
[Round "4.8"]
[White "So, Wesley"]
[Black "Aronian, Levon"]
[Result "1/2-1/2"]
[WhiteTitle "GM"]
[BlackTitle "GM"]
[WhiteElo "2770"]
[BlackElo "2781"]
[WhiteFideId "5202213"]
[BlackFideId "13300474"]
[EventDate "2021.02.06"]

1. d4 Nf6 2. c4 e6 3. Nc3 Bb4 4. Qc2 c5 5. dxc5 O-O 6. a3 Bxc5 7. Nf3 Nc6 8. Bg5
h6 9. Bh4 Be7 10. O-O-O b6 11. e4 Bb7 12. e5 Ne8 13. Bg3 Rc8 14. Qd3 f5 15. Qxd7
Qxd7 16. Rxd7 Ba8 17. h4 Rf7 18. Bf4 Na5 19. Nd2 Bg5 20. hxg5 Rxd7 21. gxh6 Nc7
22. hxg7 Rxg7 23. b4 Nc6 24. Nf3 b5 25. cxb5 Nxb4 26. Kb2 Nbd5 27. Nxd5 Nxd5 28.
Bd2 Nb6 29. Rh4 Bd5 30. Ng5 Bc4 31. Bxc4 Nxc4+ 32. Rxc4 Rxc4 33. Nxe6 Rb7 34.
Kb3 Re4 35. a4 Rxe5 36. Nd8 Rd7 37. Nc6 Re4 38. Bc3 Kf8 39. a5 Rb7 40. b6 axb6
41. a6 Rc7 42. a7 Re8 43. Be5 Rxa7 44. Bd6+ Kf7 45. Nxa7 Re2 46. Bg3 f4 47. Bxf4
Rxf2 48. g3 Rxf4 49. gxf4 Ke6 50. f5+ Kxf5 51. Nc8 b5 52. Nd6+ Ke5 53. Nxb5 1/2-1/2

[Event "Opera Euro Rapid Prelim"]
[Site "chess24.com INT"]
[Date "2021.02.06"]
[Round "5.1"]
[White "Aronian, Levon"]
[Black "Dubov, Daniil"]
[Result "0-1"]
[WhiteTitle "GM"]
[BlackTitle "GM"]
[WhiteElo "2781"]
[BlackElo "2710"]
[WhiteFideId "13300474"]
[BlackFideId "24126055"]
[EventDate "2021.02.06"]

1. e4 c5 2. Nf3 d6 3. c3 Nf6 4. Be2 Bd7 5. d3 g6 6. O-O Bg7 7. Be3 O-O 8. Nbd2
Nc6 9. h3 e5 10. a3 Rc8 11. b4 b6 12. Re1 h6 13. Rc1 Re8 14. b5 Ne7 15. a4 Be6
16. d4 cxd4 17. cxd4 d5 18. dxe5 Nxe4 19. Nxe4 dxe4 20. Nd4 Bd5 21. Bf4 Bb7 22.
Bc4 Nd5 23. e6 Rxc4 24. exf7+ Kxf7 25. Nc6 Bxc6 26. Rxc4 Bb7 27. Qb3 Kg8 28. Rd1
Re7 29. Rc6 Rd7 30. Rxd5 Rxd5 31. Rd6 Qa8 32. Rxg6 Kh7 33. Rxg7+ Kxg7 34. Qc3+
Kg6 35. Be5 Qf8 36. Bd4 Qd6 0-1

[Event "Opera Euro Rapid Prelim"]
[Site "chess24.com INT"]
[Date "2021.02.06"]
[Round "5.2"]
[White "Bluebaum, Matthias"]
[Black "So, Wesley"]
[Result "0-1"]
[WhiteTitle "GM"]
[BlackTitle "GM"]
[WhiteElo "2670"]
[BlackElo "2770"]
[WhiteFideId "24651516"]
[BlackFideId "5202213"]
[EventDate "2021.02.06"]

1. d4 Nf6 2. Nf3 d5 3. e3 c5 4. dxc5 e6 5. b4 a5 6. c3 axb4 7. cxb4 b6 8. Bb5+
Bd7 9. Bxd7+ Nbxd7 10. a4 bxc5 11. b5 Ra7 12. O-O Qa8 13. Bd2 Bd6 14. Nc3 Bc7
15. Qc2 O-O 16. Rfb1 Rc8 17. Ne2 Ne4 18. Be1 Ba5 19. Bxa5 Rxa5 20. Ng3 Nef6 21.
Ra2 g6 22. Rba1 Rc7 23. Nd4 e5 24. Nb3 Raa7 25. a5 c4 26. Nd2 Rc5 27. Qb1 Ne8
28. Qb4 Nd6 29. b6 Ra6 30. Ne2 Qc6 31. Nc3 Nb7 32. h3 Nf6 33. Nf3 Nd7 34. Nd2
Kg7 35. Ra3 h5 36. h4 Nf6 37. Nf3 Ng4 38. Ne2 Qf6 39. Qc3 e4 40. Nd2 Rcxa5 41.
Rxa5 Rxa5 42. Rxa5 Nxa5 43. Nb1 Kf8 44. Nf4 Qxh4 45. Nh3 Nc6 46. Qh8+ Ke7 47.
Nc3 d4 48. exd4 e3 49. Nd5+ Kd7 50. Nxe3 Nxe3 51. b7 Qd8 52. Qg7 Nd5 53. Qxf7+
Nce7 54. Nf4 Kc6 55. Nxg6 Nxg6 56. Qxg6+ Kxb7 57. Qxh5 c3 58. Qe2 Qb6 59. Qc4
Qc6 60. Qb3+ Ka7 61. Qa2+ Kb6 62. Qb1+ Ka5 63. Qa2+ Kb5 64. Qe2+ Kb4 65. Qc2 Nf4
66. f3 Qg6 0-1

[Event "Opera Euro Rapid Prelim"]
[Site "chess24.com INT"]
[Date "2021.02.06"]
[Round "5.3"]
[White "Shankland, Sam"]
[Black "Vachier-Lagrave, Maxime"]
[Result "1/2-1/2"]
[WhiteTitle "GM"]
[BlackTitle "GM"]
[WhiteElo "2691"]
[BlackElo "2784"]
[WhiteFideId "2004887"]
[BlackFideId "623539"]
[EventDate "2021.02.06"]

1. d4 Nf6 2. c4 g6 3. Nc3 d5 4. Nf3 Bg7 5. Qb3 dxc4 6. Qxc4 O-O 7. e4 Nc6 8. Be2
e5 9. d5 Nd4 10. Nxd4 exd4 11. Qxd4 c6 12. Qc4 b5 13. Qxc6 Bd7 14. Qd6 Re8 15.
e5 Ng4 16. Bf4 Nxe5 17. O-O a6 18. Qa3 Qb6 19. Be3 Qb7 20. Qb3 Rac8 21. a4 Bg4
22. Rfe1 Bxe2 23. Rxe2 Nc4 24. Rd1 Nxb2 25. Qxb2 Rxc3 26. Qb1 Qd7 27. axb5 axb5
28. d6 Bf8 29. Ra2 Bxd6 30. Rad2 Re6 31. Bf4 Rc6 32. Qxb5 Rc1 33. Qf1 Rxd1 34.
Rxd1 Qe7 35. Bxd6 Rxd6 36. Rxd6 Qxd6 37. g3 h5 38. h4 Qe6 39. Qd3 Qe1+ 40. Kg2
Qe6 41. Qd8+ 1/2-1/2

[Event "Opera Euro Rapid Prelim"]
[Site "chess24.com INT"]
[Date "2021.02.06"]
[Round "5.4"]
[White "Dominguez Perez, Leinier"]
[Black "Carlsen, Magnus"]
[Result "0-1"]
[WhiteTitle "GM"]
[BlackTitle "GM"]
[WhiteElo "2758"]
[BlackElo "2862"]
[WhiteFideId "3503240"]
[BlackFideId "1503014"]
[EventDate "2021.02.06"]

1. e4 c5 2. Nf3 d6 3. d4 cxd4 4. Nxd4 Nf6 5. Nc3 g6 6. Be3 Bg7 7. f3 a6 8. Qd2
h5 9. Bc4 Nbd7 10. O-O-O b5 11. Bb3 Nc5 12. Kb1 Bb7 13. Rhe1 Rc8 14. Bg5 O-O 15.
Nd5 e6 16. Nxf6+ Bxf6 17. h4 Bxg5 18. hxg5 Kg7 19. Qe3 Qc7 20. Rd2 b4 21. Red1
Rfd8 22. Qf4 Qe7 23. Ne2 a5 24. e5 d5 25. g4 hxg4 26. Qf6+ Qxf6 27. gxf6+ Kh6
28. Rh1+ Kg5 29. f4+ Kf5 30. Rf1 g5 31. Nd4+ Kg6 32. f5+ exf5 33. Nxf5 g3 34.
Rg2 Ne4 35. Nxg3 Re8 36. Nxe4 dxe4 37. e6 fxe6 38. f7 Rf8 39. Bxe6 Rc5 40. Rg3
Re5 41. Bg4 e3 42. Kc1 Rxf7 43. Rxf7 Kxf7 44. Kd1 Kf6 45. Ke1 Bd5 46. a3 bxa3
47. bxa3 Be4 48. Rxe3 Bxc2 49. Kd2 Rxe3 50. Kxe3 Ke5 51. Bf3 Bf5 52. Bc6 Kd6 53.
Bf3 Kc5 54. Be2 Bg6 55. Bf1 Bh5 56. Ke4 Bd1 57. Ke3 g4 58. Ba6 Bf3 59. Bf1 Bc6
60. Kf4 Kd4 61. Kxg4 Kc3 62. Kf5 Kb2 63. Ke5 Kxa3 64. Kd6 Be8 65. Kc5 a4 66. Bc4
Kb2 67. Kb4 a3 68. Bd5 Bg6 69. Be6 Bb1 70. Bd5 Ba2 71. Be4 Bf7 72. Bb1 Bb3 0-1

[Event "Opera Euro Rapid Prelim"]
[Site "chess24.com INT"]
[Date "2021.02.06"]
[Round "5.5"]
[White "Duda, Jan-Krzysztof"]
[Black "Ding, Liren"]
[Result "1-0"]
[WhiteTitle "GM"]
[BlackTitle "GM"]
[WhiteElo "2743"]
[BlackElo "2791"]
[WhiteFideId "1170546"]
[BlackFideId "8603677"]
[EventDate "2021.02.06"]

1. d4 Nf6 2. c4 e6 3. Nf3 d5 4. Nc3 Bb4 5. cxd5 exd5 6. Bg5 h6 7. Bh4 O-O 8. e3
Bf5 9. Be2 Nbd7 10. Qb3 Qe7 11. a3 Bxc3+ 12. Qxc3 Qe6 13. Nd2 Rfc8 14. O-O c5
15. Rfc1 c4 16. a4 Ne4 17. Nxe4 Bxe4 18. Qd2 Rc6 19. f3 Bg6 20. e4 Rac8 21. e5
Nf8 22. Ra3 Qd7 23. Rf1 Rb6 24. f4 Be4 25. Bd1 Rg6 26. Rf2 Bd3 27. Rxd3 cxd3 28.
f5 Rgc6 29. Qxd3 Rc1 30. Rf1 R8c4 31. Be1 Rxa4 32. Bxa4 Qxa4 33. e6 Qe8 34. Qe3
Rc6 35. Bb4 Nh7 36. exf7+ Qxf7 37. Be7 Nf6 38. Bxf6 Qxf6 39. Qe5 Kh7 40. h3 Rc2
41. b3 Rd2 42. Rf4 b5 43. Qxd5 a6 44. Kh2 Rb2 45. Re4 Rf2 46. Re8 Qxf5 47. Qg8+
Kg6 48. Re6+ Kg5 1-0